| 000 | 00491nam a2200157 a 4500 | ||
|---|---|---|---|
| 001 | 2643 | ||
| 005 | 20180713182620.0 | ||
| 008 | 140415s1973 000 0 spa d | ||
| 041 | _aspa | ||
| 082 |
_a972.0612 _bPEN |
||
| 245 | 0 | 0 | _aPENSAMIENTO Y ACCION DE FRANCISCO I. MADERO |
| 260 |
_a[s.l.] : _bTALLERES GRAFICOS DE LA NACION, _c1973 |
||
| 300 | _a255 | ||
| 490 | _aBIBL. DEL INSTITUTO NACIONAL DE ESTUDIOS HISTO... | ||
| 650 | 1 | 4 |
_aMEXICO _xHISTORIA _xREVOLUCION, 1910 _x1917 |
| 999 |
_c2643 _d2643 |
||